Statistiques concernant Personnages classiques de Thomas et ses amis

Cliquez ici pour prendre le quiz!

Statistiques générales

  • Ce quiz a été pris 11 fois
  • Le résultat moyen est 4 sur 8

Statistiques - réponses

HintRéponse% Correct
Thomas
71%
Jacques / James
57%
Gordon
57%
Édouard
57%
Bertrand / Bertie
57%
Tobi / Toby
57%
Henri / Henry
43%
Pierre / Percy
43%

Distribution des résultats

Percentile par nombre de réponses

% des personnes avec chaque résultat

Votre développement - résultats

Vous n’avez pas pris ce quiz